Formula 1 Podium 2019 - Statistics

General Stats
  • This quiz has been taken 218 times
  • The average score is 7 of 8
Answer Stats
Answer % Correct
Lewis Hamilton
100%
Max Verstappen
99%
Valtteri Bottas
98%
Sebastian Vettel
97%
Charles Leclerc
96%
Carlos Sainz
85%
Pierre Gasly
84%
Danil Kvyat
63%
No matching quizzes found
Score Distribution
Percent of People with Each Score
Percentile by Number Answered
Your Score History
You have not taken this quiz